Guess the Fusion Rock Song Lyrics #293 - Statistics

General Stats
  • This quiz has been taken 18 times
  • The average score is 153 of 194
Answer Stats
Answer % Correct
a
100%
A
100%
and
94%
boy
94%
Don't
94%
girl
94%
He
94%
in
94%
on
94%
She
94%
small
94%
the
94%
The
94%
to
94%
town
94%
win
94%
down
88%
goes
88%
goin
88%
It
88%
Just
88%
just
88%
livin
88%
Livin
88%
lonely
88%
one
88%
stop
88%
that
88%
time
88%
Up
88%
believin
81%
born
81%
city
81%
Detroit
81%
For
81%
lose
81%
more
81%
night
81%
of
81%
sing
81%
Some
81%
some
81%
Street
81%
they
81%
will
81%
world
81%
are
75%
boulevard
75%
can
75%
feelin
75%
get
75%
Hold
75%
Journey
75%
light
75%
midnight
75%
raised
75%
room
75%
took
75%
train
75%
anywhere
69%
blues
69%
perfume
69%
smoky
69%
south
69%
Strangers
69%
Their
69%
my
63%
smell
63%
wants
63%
wine
63%
cheap
56%
emotion
56%
Everybody
56%
find
56%
never
56%
people
56%
shadows
56%
singer
56%
ends
50%
hard
50%
Oh
50%
share
50%
somewhere
50%
waitin
50%
dice
44%
fill
44%
Hidin
44%
movie
44%
roll
44%
searchin
44%
thrill
44%
Workin
44%
anything
38%
smile
38%
Payin
19%
No matching quizzes found
Score Distribution
Percent of People with Each Score
Percentile by Number Answered
Your Score History
You have not taken this quiz